000
00322nam a2200145Ia 4500
008
191201s2008 xx 000 0 und d
020
_a
9780138817978
100
_a
GORDON, Geoffrey
245
0
_a
System Simulation
250
_a
2nd
260
_c
2008
_b
PHI
_a
N.Delhi
300
_a
324
650
_a
MCA
942
_2
ddc
_c
BB
999
_c
7276
_d
7276